000 01776cam a2200481 a 4500
001 22278
003 VRT
005 20260324162942.0
008 240315s2013 xo g 000 f slo
015 _aSNBA2013/09
020 _a9788055135069
_q(viaz.)
035 _aBCAE2795-9A09-4DBD-AD81-0D98A0C43D80
035 _aurn:nbn:sk:snk-amjnqf
035 _aurn:nbn:sk:snk-am001tnv
039 9 _a202403152155
_bVLOAD
_c201612221613
_dmtotk19
_c201604300857
_dVLOAD
_c201604281414
_dVLOAD
040 _aPPPK
_bslo
_cPPPK
_dSNK
_eAACR2
041 1 _aslo
_heng
044 _axo
_cSK
072 7 _a821.111(73)-3
_xAmerická próza
_2konspekt
080 _a821.111(73)-31
_22001
080 _a(0:82-312.5)
_22001
080 _a(0:82-311.6)
_22001
100 1 _aJames, Eloisa,
_d1962-
_4aut
240 1 0 _aKiss me, Annabel
_lSlovensky
245 1 0 _aBozk pre Annabel
_bani jeden bozk sa nedá odmietnuť-
_cEloisa Jamesová ; [z anglického originálu ... preložila Katarína Széherová]
260 _aBratislava
_bIkar
_c2013
300 _a317 s.
_c21 cm
500 _aDruhá časť voľnej série o sestrách Essexových
655 7 _aamerické romány
_2SNKPH
655 7 _aľúbostné romány
_2SNKPH
655 7 _ahistorické romány
_2SNKPH
655 7 _aAmerican fiction
_2SNKPHeng
655 7 _aLove novels
_2SNKPHeng
655 7 _aHistorical novels
_2SNKPHeng
700 1 _aSzéherová, Katarína
_4trl
910 _atotk
942 _2ddc
_cKLDO
_n0
949 _62889203212
_asavukPV 18130
_bsavuk2013/3764
949 _6273K0565724
_asvkpoA 219673
_bsvkpo568057
949 _6270001000417016
_asvkbbA 139013
_bsvkbbm 737705
949 _617A1081715
_asnkSC 155877
_bsnk2013/20177
_o1942/13
949 _617A1091026
_asnkSC 155877 D1
_bsnk2013/25096
_o1942/13
_s6100:20140925
999 _c22278
_d22278